000 00598nam a2200217Ia 4500
005 20250923145912.0
008 008 250917s9999 xx 000 0 eng d
037 _aTextual
040 _aDSWL
_beng
_cDSWL
041 _aeng
_2eng
084 _aYX;5-H4x2, N93
_qDSWL
100 _aBerman, P.
_9840109
245 0 _aPaying for India's health care
_c by P. Berman
260 _aNew Delhi
_bSage Vistaar
_c1993
300 _a326p.
365 _aINR
_b295.00
700 _a M.E. Khan
_9840110
925 _g295.00
942 _cTEXL
_hYX;5-H4x2, N93
999 _c1457139
_d1457139